000 00539nmm a2200157Ia 4500
008 251105s9999||||xx |||||||||||||||||und||
020 _a9789972428852
041 _aspa
100 _aCanziani Amico, José
245 0 _aCiudad y territorio en Los Andes :
_b Contribuciones a la historia del urbanismo prehispánico
264 _a[Lima, Peru] :
_bPontificia Universidad Católica de Perú,
_c2009
300 _a552 páginas
650 _aArchitecture & Sculpture
856 _uhttps://public.digitaliapublishing.com/a/9810
942 _cCF
999 _c97892
_d97892